000 00432nam a2200169Ia 4500
003 GCL
008 140319s9999 xx 000 0 eng d
040 _aGCL /
_cGCL
082 0 4 _a790.13
_bS S
100 1 _aSVARC, FRANTISEK
245 1 0 _aSTAMPS AND STAMP COLLECTING /
_cSVARC, FRANTISEK
260 _a[S.N] :
_bCHANCELLOR PRESS ،
_c1993
300 _a151
650 0 4 _aHOBBIES
650 0 4 _aSTAMP COLLECTING
942 _2ddc
_cBK
999 _c24791
_d24791